000 00637nam a2200217 a 4500
999 _c2308
_d2308
001 2308
003 BD-JhCC
005 20171101083624.0
008 171101s1989 bg ||||| ||a| 00| 0 en d
035 _a(BD-JhCC)2308
040 _aBD-JhCC
_dBD-JhCC
041 _aben
082 _a891.4409
_bSHA 1987
100 _aশাহেদ, হোসনে আরা
245 _aনেপথ্যে জনারণ্যে /
_cহোসনে আরা শাহেদ
260 _aঢকা :
_bমুক্তধারা,
_c1887.
300 _a134 p. :
_c21 cm.
650 _aBengali literature
942 _2ddc
_cBK